Algunas consideraciones sobre el proceso federal electoral de 1994 / (Record no. 1646)

MARC details
000 -CABECERA
campo de control de longitud fija 00490nam a2200169 a 4500
005 - FECHA Y HORA DE LA ÚLTIMA TRANSACCIÓN
campo de control 20230310063540.0
008 - ELEMENTOS DE LONGITUD FIJA--INFORMACIÓN GENERAL
campo de control de longitud fija 991125s1994 mx 000 0 spa u
035 ## - NÚMERO DE CONTROL DEL SISTEMA
Número de control de sistema UPN01000001646
049 ## - COLECCIÓN
Colección F
050 #4 - SIGNATURA TOPOGRÁFICA DE LA BIBLIOTECA DEL CONGRESO
Número de clasificación JL1292
Número de documento/Ítem C3.2
100 1# - ASIENTO PRINCIPAL--NOMBRE PERSONAL
Nombre de persona Carpizo McGregor, Jorge,
Fechas asociadas al nombre 1944-2012
245 10 - MENCIÓN DE TÍTULO
Título Algunas consideraciones sobre el proceso federal electoral de 1994 /
Mención de responsabilidad, etc. Jorge Carpizo.
260 ## - PUBLICACIÓN, DISTRIBUCIÓN, ETC.
Lugar de publicación, distribución, etc. México :
Nombre del editor, distribuidor, etc. SG,
Fecha de publicación, distribución, etc. 1994.
300 ## - DESCRIPCIÓN FÍSICA
Extensión 26 p.
650 #2 - ASIENTO SECUNDARIO DE MATERIA - TERMINO TEMATICO
Término de materia o nombre geográfico como elemento de entrada Elecciones
Subdivisión geográfica México
9 (RLIN) 5520
905 ## - TIPO DE MATERIAL
Tipo de material Libro
Holdings
Estado de retiro Estado de pérdida Fuente del sistema de clasificación o colocación Estado dañado No para préstamo Código de colección Localización permanente Ubicación/localización actual Ubicación en estantería Fecha de adquisición Clasificación Código de barras Fecha visto por última vez Número de copia Tipo de ítem Koha
    Library of Congress Classification   Disponible (Préstamo en sala) Folletería Bib. Gregorio Torres Quintero Bib. Gregorio Torres Quintero Colecciones especiales Planta alta 03/05/2023 JL1292 C3.2 20853F 31/12/2020 1 Folleto